000 00534nam a2200217Ia 4500
003 OSt
005 20220924134509.0
006 a|||||r|||| 00| 0
007 ta
008 220923b |||||||| |||| 00| 0 snd d
024 _a274799
037 _cTextual
040 _aARTS
_cARTS
_bsnd
041 _2snd
_asnd
082 _aV235:41wKAP, 1593H6
100 _aTalani
_9208552
245 0 _aNeta ji Palkar
260 _c1946
942 _hV235:41wKAP, 1593H6
_cTEXL
_2CC
999 _c437474
_d437474